[Event "HUN-chT2 Erkel 1819"]
[Site "Hungary"]
[Date "2019.03.10"]
[Round "7.12"]
[White "Geher, Laszlo"]
[Black "Molnar, Laszlo6666"]
[Result "1/2-1/2"]
[WhiteElo "1843"]
[BlackElo "1564"]
[PlyCount "124"]
[EventDate "2018.10.28"]
[EventType "team-tourn"]
[EventRounds "9"]
[EventCountry "HUN"]
[SourceTitle "EXT 2021"]
[Source "ChessBase"]
[SourceDate "2020.10.23"]
[SourceVersion "1"]
[SourceVersionDate "2020.10.23"]
[SourceQuality "1"]
[WhiteTeam "Budapest MTK II"]
[BlackTeam "Szada GSBE"]
[WhiteTeamCountry "HUN"]
[BlackTeamCountry "HUN"]

1. e4 Nf6 2. e5 Nd5 3. c4 Nb6 4. d4 d6 5. f4 dxe5 6. fxe5 c5 7. d5 e6 8. Nc3 exd5 9. cxd5 c4 10. Nf3 Bb4 11. Bxc4 Bxc3+ 12. bxc3 Nxc4 13. Qa4+ Nd7 14. Qxc4 Nb6 15. Qb5+ Qd7 16. Qxd7+ Bxd7 17. d6 Rc8 18. Bd2 Nd5 19. Rc1 Rc4 20. 0-0 0-0 21. Nd4 Re8 22. Rfe1 Rc5 23. Nb3 Rcc8 24. Na5 f6 25. c4 Nb6 26. exf6 gxf6 27. Rxe8+ Rxe8 28. Re1 Rxe1+ 29. Bxe1 Kf7 30. c5 Na4 31. Nxb7 Ke6 32. Bb4 Kd5 33. Kf2 Bc6 34. Na5 Bb5 35. Nb3 Kc4 36. Ba3 Nc3 37. Bb2 Nd1+ 38. Kf3 Nxb2 39. Ke4 Bd7 40. h3 Na4 41. c6 Bxc6+ 42. Kf5 Bd7+ 43. Kxf6 Kd5 44. Ke7 Nb6 45. Nd2 Kc6 46. g4 Nc8+ 47. Kf6 Nxd6 48. Kg7 h5 49. gxh5 Bxh3 50. Nf3 Kd5 51. Kf6 Ne4+ 52. Kg6 Nd6 53. Nh4 Bf1 54. h6 Bd3+ 55. Kf6 Ne4+ 56. Kg6 Ke6 57. Kg7 Ng5 58. Ng6 Kf5 59. Ne7+ Ke6 60. Nc6 a6 61. Nb4 Bc4 62. Nxa6 Bxa6 1/2-1/2

[Event "HUN-chT2 Erkel 1718"]
[Site "Hungary"]
[Date "2018.05.06"]
[Round "11.11"]
[White "Bilku, Andras"]
[Black "Geher, Laszlo"]
[Result "1/2-1/2"]
[WhiteElo "1623"]
[BlackElo "1852"]
[PlyCount "113"]
[EventDate "2017.09.24"]
[EventType "team-tourn"]
[EventRounds "11"]
[EventCountry "HUN"]
[SourceTitle "EXT 2021"]
[Source "ChessBase"]
[SourceDate "2020.10.23"]
[SourceVersion "1"]
[SourceVersionDate "2020.10.23"]
[SourceQuality "1"]
[WhiteTeam "Pestszentlorinc"]
[BlackTeam "Budapest MTK II"]
[WhiteTeamCountry "HUN"]
[BlackTeamCountry "HUN"]

1. d4 Nf6 2. c4 g6 3. Nc3 Bg7 4. e4 d6 5. Nf3 0-0 6. h3 e5 7. d5 a5 8. Bg5 h6 9. Be3 Na6 10. Qd2 Kh7 11. Bd3 Nd7 12. g4 Ndc5 13. Bc2 Nb4 14. Bb1 Bd7 15. Bxc5 dxc5 16. a3 Na6 17. Qe2 c6 18. Rg1 Nc7 19. Qe3 b6 20. Bc2 Ne8 21. Rd1 Qf6 22. Ke2 Nd6 23. Qd3 Rad8 24. b3 b5 25. Qe3 b4 26. Nb1 cxd5 27. Rxd5 Nb7 28. Nxe5 Be6 29. Rxd8 Rxd8 30. f4 Kg8 31. axb4 axb4 32. Nc6 Bxc4+ 33. bxc4 Qxc6 34. Rd1 Bd4 35. Qf3 Qa6 36. Bb3 Nd6 37. e5 Ne8 38. Qd3 Qa8 39. Qf3 Qxf3+ 40. Kxf3 Ra8 41. Rd3 Nc7 42. Nd2 Ra3 43. Ne4 Ne6 44. f5 Nd8 45. Nxc5 Nc6 46. Nd7 Bxe5 47. Ke4 Bc3 48. Nc5 gxf5+ 49. gxf5 Na5 50. Bd1 Nxc4 51. Nb3 Rxb3 52. Bxb3 Nd2+ 53. Rxd2 Bxd2 54. Ke5 Bc3+ 55. Kd6 Kg7 56. Ke7 Bf6+ 57. Ke8 1/2-1/2

[Event "HUN-chT2 Breyer 1617"]
[Site "Hungary"]
[Date "2017.03.12"]
[Round "8.10"]
[White "Nagy, Ferenc2222"]
[Black "Geher, Laszlo"]
[Result "0-1"]
[WhiteElo "1980"]
[BlackElo "1906"]
[PlyCount "36"]
[EventDate "2016.10.30"]
[EventType "team-tourn"]
[EventRounds "9"]
[EventCountry "HUN"]
[SourceTitle "EXT 2021"]
[Source "ChessBase"]
[SourceDate "2020.10.23"]
[SourceVersion "1"]
[SourceVersionDate "2020.10.23"]
[SourceQuality "1"]
[WhiteTeam "Naszaly Geniusz Tata"]
[BlackTeam "Budapest MTK II"]
[WhiteTeamCountry "HUN"]
[BlackTeamCountry "HUN"]

1. d4 Nf6 2. c4 g6 3. Nc3 d5 4. cxd5 Nxd5 5. e4 Nxc3 6. bxc3 Bg7 7. Bc4 c5 8. Be3 0-0 9. Ne2 Nc6 10. Rc1 cxd4 11. cxd4 Qa5+ 12. Kf1 Qa3 13. Qd2 Rd8 14. h4 Nxd4 15. Nxd4 Bxd4 16. Bxd4 Rxd4 17. Qf4 Rxc4 18. Rxc4 Qa6 0-1

[Event "HUN-chT2 Breyer 1617"]
[Site "Hungary"]
[Date "2016.12.11"]
[Round "4.9"]
[White "Geher, Laszlo"]
[Black "Sugar, Kolos"]
[Result "1-0"]
[WhiteElo "1889"]
[BlackElo "1682"]
[PlyCount "29"]
[EventDate "2016.10.30"]
[EventType "team-tourn"]
[EventRounds "9"]
[EventCountry "HUN"]
[SourceTitle "EXT 2021"]
[Source "ChessBase"]
[SourceDate "2020.10.23"]
[SourceVersion "1"]
[SourceVersionDate "2020.10.23"]
[SourceQuality "1"]
[WhiteTeam "Budapest MTK II"]
[BlackTeam "Paty"]
[WhiteTeamCountry "HUN"]
[BlackTeamCountry "HUN"]

1. e4 c6 2. d4 d5 3. exd5 cxd5 4. Bd3 Nc6 5. c3 Nf6 6. Bf4 Bg4 7. Qb3 Qd7 8. Nd2 a6 9. Ngf3 b5 10. a4 Bf5 11. Bxf5 Qxf5 12. axb5 Qxf4 13. bxc6 Kd8 14. Ne5 e6 15. Qb7 1-0

[Event "Elekes Memorial op"]
[Site "Budapest"]
[Date "2015.07.18"]
[Round "1"]
[White "Kovacs, Klara"]
[Black "Geher, Laszlo"]
[Result "1-0"]
[WhiteElo "2173"]
[BlackElo "1873"]
[PlyCount "77"]
[EventDate "2015.07.18"]
[EventType "swiss"]
[EventRounds "9"]
[EventCountry "HUN"]
[SourceTitle "EXT 2016"]
[Source "ChessBase"]
[SourceDate "2015.10.08"]
[SourceVersion "1"]
[SourceVersionDate "2015.10.08"]
[SourceQuality "1"]

1. c4 Nf6 2. Nf3 g6 3. g3 Bg7 4. Bg2 0-0 5. 0-0 d6 6. Nc3 c5 7. d3 Na6 8. Rb1 Rb8 9. a3 Nc7 10. b4 Nd7 11. Bb2 b5 12. cxb5 cxb4 13. axb4 Nxb5 14. Nxb5 Rxb5 15. Bxg7 Kxg7 16. Nd4 Rb6 17. Nc6 Qc7 18. Nxe7 Nf6 19. Nxc8 Rxc8 20. Qa4 Rcb8 21. Rfc1 Qe7 22. e3 d5 23. b5 Qd7 24. Rc5 a6 25. Rbc1 axb5 26. Qd4 Rd6 27. Rc7 Qd8 28. Qa7 Nd7 29. Bh3 Ra8 30. Qd4+ Nf6 31. Rb7 Qa5 32. e4 Qa3 33. Rcc7 dxe4 34. Rxf7+ Kg8 35. Rg7+ Kh8 36. Rxh7+ Kg8 37. Rhg7+ Kh8 38. Qe3 Ng4 39. Rh7+ 1-0

[Event "Level op-A 3rd"]
[Site "Level"]
[Date "2015.03.27"]
[Round "2"]
[White "Geher, Laszlo"]
[Black "Frank, Jozsef1111"]
[Result "0-1"]
[WhiteElo "1879"]
[BlackElo "2096"]
[PlyCount "56"]
[EventDate "2015.03.27"]
[EventType "swiss"]
[EventRounds "7"]
[EventCountry "HUN"]
[SourceTitle "EXT 2020"]
[Source "ChessBase"]
[SourceDate "2019.10.17"]
[SourceVersion "1"]
[SourceVersionDate "2019.10.17"]
[SourceQuality "1"]

1. e4 c5 2. Nf3 e6 3. d4 cxd4 4. Nxd4 a6 5. Be3 Nf6 6. Bd3 d6 7. Nc3 Be7 8. 0-0 Bd7 9. f4 Nc6 10. Qe2 Rc8 11. a3 0-0 12. Rad1 Qc7 13. Bf2 Nxd4 14. Bxd4 e5 15. Be3 Bg4 16. Qf2 Bxd1 17. Nxd1 Ng4 18. Qg3 Nxe3 19. Nxe3 Qc5 20. Kh1 exf4 21. Rxf4 Qe5 22. Ng4 Qg5 23. e5 dxe5 24. Rf5 Qh4 25. Qxh4 Bxh4 26. Rh5 f5 27. Bxf5 g6 28. Be6+ Kg7 0-1

[Event "HUN-chT2"]
[Site "Hungary"]
[Date "1997.??.??"]
[Round "?"]
[White "Geher, Laszlo"]
[Black "Borsi, Imre"]
[Result "1/2-1/2"]
[WhiteElo "2205"]
[BlackElo "2225"]
[PlyCount "22"]
[EventDate "1997.??.??"]
[EventType "team-swiss"]
[EventRounds "13"]
[EventCountry "HUN"]
[SourceTitle "EXT 2006"]
[Source "ChessBase"]
[SourceDate "2005.11.24"]
[SourceVersion "1"]
[SourceVersionDate "2005.11.24"]
[SourceQuality "1"]

1. e4 c6 2. d4 d5 3. exd5 cxd5 4. Bd3 Nc6 5. c3 g6 6. Bf4 Bh6 7. Bg3 Nf6 8. Qc2 Be6 9. Nf3 Rc8 10. Nbd2 0-0 11. a3 Nh5 1/2-1/2

[Event "HUN-chT2"]
[Site "Hungary"]
[Date "1996.??.??"]
[Round "?"]
[White "Geher, Laszlo"]
[Black "Gombocz, Zsolt"]
[Result "1/2-1/2"]
[WhiteElo "2255"]
[BlackElo "2110"]
[PlyCount "21"]
[EventDate "1996.??.??"]
[EventType "team"]
[EventRounds "13"]
[EventCountry "HUN"]
[SourceTitle "EXT 2006"]
[Source "ChessBase"]
[SourceDate "2005.11.24"]
[SourceVersion "1"]
[SourceVersionDate "2005.11.24"]
[SourceQuality "1"]

1. e4 Nf6 2. e5 Nd5 3. d4 d6 4. Nf3 Bg4 5. Be2 Nc6 6. 0-0 e6 7. c4 Nb6 8. exd6 cxd6 9. d5 exd5 10. cxd5 Bxf3 11. Bxf3 1/2-1/2

[Event "HUN Egyetemi op"]
[Site "Hungary"]
[Date "1995.??.??"]
[Round "?"]
[White "Koczka, Zsolt"]
[Black "Geher, Laszlo"]
[Result "0-1"]
[WhiteElo "2230"]
[BlackElo "2200"]
[PlyCount "24"]
[EventDate "1995.??.??"]
[EventType "swiss"]
[EventRounds "9"]
[EventCountry "HUN"]
[SourceTitle "EXT 2006"]
[Source "ChessBase"]
[SourceDate "2005.11.24"]
[SourceVersion "1"]
[SourceVersionDate "2005.11.24"]
[SourceQuality "1"]

1. f4 Nc6 2. Nf3 d6 3. b3 e5 4. e4 exf4 5. Be2 f5 6. exf5 Bxf5 7. d4 g5 8. 0-0 Qf6 9. Bb5 Nge7 10. c3 0-0-0 11. Nxg5 Qxg5 12. d5 Be4 0-1

[Event "HUN Egyetemi op"]
[Site "Hungary"]
[Date "1995.??.??"]
[Round "?"]
[White "Sleisz, Tamas"]
[Black "Geher, Laszlo"]
[Result "0-1"]
[WhiteElo "2410"]
[BlackElo "2200"]
[PlyCount "120"]
[EventDate "1995.??.??"]
[EventType "swiss"]
[EventRounds "9"]
[EventCountry "HUN"]
[SourceTitle "EXT 2006"]
[Source "ChessBase"]
[SourceDate "2005.11.24"]
[SourceVersion "1"]
[SourceVersionDate "2005.11.24"]
[SourceQuality "1"]

1. e4 e5 2. d4 exd4 3. c3 d3 4. Bxd3 Bc5 5. Nf3 d6 6. Bg5 Nf6 7. Nbd2 Nc6 8. a4 a6 9. Nb3 Ba7 10. Nbd4 Bg4 11. Nf5 0-0 12. 0-0 Ne5 13. Be2 Ned7 14. h3 Bh5 15. Ng3 Bg6 16. Nh4 h6 17. Nxg6 fxg6 18. Qd5+ Nxd5 19. Bxd8 Ne3 20. Bxc7 Nxf1 21. Rxf1 Rf6 22. Nh1 Rc8 23. Ba5 Nc5 24. Bf3 Nxa4 25. e5 dxe5 26. Bxb7 Rcf8 27. b3 Nc5 28. Bd5+ Kh8 29. Kh2 e4 30. b4 Nd3 31. Bxe4 Nxf2 32. Nxf2 Bxf2 33. Rd1 h5 34. Bc7 h4 35. Bf3 Rc8 36. Be5 Bg3+ 37. Bxg3 hxg3+ 38. Kxg3 Rxc3 39. Rd4 Rb3 40. Rh4+ Kg8 41. Kh2 Rb2 42. Bd5+ Kf8 43. Rh8+ Ke7 44. Rg8 Rxb4 45. Rxg7+ Kd6 46. Bg8 Kc5 47. Bh7 Rbb6 48. Ra7 Kb4 49. g4 a5 50. h4 a4 51. h5 gxh5 52. g5 Rfd6 53. g6 Rxg6 54. Bxg6 Rxg6 55. Rh7 Rg5 56. Kh3 a3 57. Ra7 Ra5 58. Rb7+ Ka4 59. Kh4 a2 60. Rh7 a1Q 0-1